| 000 | 00435nam a22001697a 4500 | ||
|---|---|---|---|
| 003 | OSt | ||
| 008 | 240413b |||||||| |||| 00| 0 eng d | ||
| 020 | _a9789385676352 | ||
| 082 | _a005.43 CHO | ||
| 100 | _aCHOPRA, Rajiv | ||
| 245 | _aOperating Systems : A Practical Approach | ||
| 250 | _aReprint | ||
| 260 |
_aNew Delhi _bS Chand & Company Pvt Ltd - He (Publisher) _c2023 |
||
| 300 | _a557 p. | ||
| 650 | _aBCA | ||
| 942 |
_2ddc _cBK |
||
| 999 |
_c12472 _d12472 |
||